000 00401nam a2200145 i 4500
001 bg
100 1 _aJANKOWSKI, Witold
245 0 _aMatematyka :
_bpodręcznik dla wydziałów mechanicznych i elektrycznych politechnik.
_nT. 1 /
_cWitold Jankowski.
250 _aWyd.5 zm.
260 _aWarszawa,
_c1968.
040 _cBPK
041 _apol
942 _cKS
008 s pl f |000 0 pol
999 _c7157
_d7157
856 _uhttp://koha.tu.koszalin.pl/cgi-bin/koha/opac-detail.pl?biblionumber=7157
_yKatalog online BPK